000
00188 a2200097 4500
020
_a
9780545458085
041
_a
spa
100
_a
Ames, Ruth
245
_a
Colmillos afilados
942
_c
BK
999
_c
12619
_d
12619